000
00263nam a2200109Ia 4500
008
240625s9999 xx 000 0 und d
041
_a
eng
082
_a
363.60954 3IN
100
_a
3I NETWORK
245
_a
INDIA INFRASTRUCTURE REPORT 2008 BUSINES
260
_c
2008
999
_c
38256
_d
38256